| 000 | 00576nam a2200229Ia 4500 | ||
|---|---|---|---|
| 003 | OSt | ||
| 005 | 20230127100340.0 | ||
| 008 | 210210b2008 xxu||||| |||| 00| 0 eng d | ||
| 020 | _a9788131721469 | ||
| 040 | _cAL | ||
| 041 | _aeng | ||
| 082 | _a658 ROBF | ||
| 100 |
_aROBBINS (Stephen P) _969963 |
||
| 245 | _aFundamentals of management: essential concepts and applications | ||
| 250 | _a6 | ||
| 260 |
_aChennai _bPearson _c2008 |
||
| 300 | _axxiv,468 | ||
| 690 |
_aManagement _969964 |
||
| 700 |
_aDECENZO (David A) _969965 |
||
| 906 | _a066884 | ||
| 942 |
_2ddc _cBK |
||
| 999 |
_c149345 _d149345 |
||